BIBLIOTECA

SENCICO

Diseño geométrico de carreteras / (Registro nro. 1202)

Detalles MARC
000 -LEADER
fixed length control field 01181nam a2200265Ia 4500
003 - CONTROL NUMBER IDENTIFIER
control field PE SENCICO BE
005 - DATE AND TIME OF LATEST TRANSACTION
control field 20260309143110.0
008 - FIXED-LENGTH DATA ELEMENTS--GENERAL INFORMATION
fixed length control field 200515s9999 xx 000 0 und d
020 ## - INTERNATIONAL STANDARD BOOK NUMBER
International Standard Book Number 958-648-322-3
040 ## - CATALOGING SOURCE
Original cataloging agency PE SENCICO BE
Transcribing agency PE SENCICO BE
041 ## - LANGUAGE CODE
Language code of text/sound track or separate title spa
082 ## - DEWEY DECIMAL CLASSIFICATION NUMBER
Classification number 625.725
Item number C26D
100 1# - MAIN ENTRY--PERSONAL NAME
Personal name Cárdenas Grisales, James
9 (RLIN) 115
Relator term autor
245 10 - TITLE STATEMENT
Title Diseño geométrico de carreteras /
Statement of responsibility, etc. James Cárdenas Grisales
250 ## - EDITION STATEMENT
Edition statement 1a ed.
260 ## - PUBLICATION, DISTRIBUTION, ETC.
Place of publication, distribution, etc. Bogotá, D.C. :
Name of publisher, distributor, etc. Ecoe ediciones ;
Date of publication, distribution, etc. 2002
300 ## - PHYSICAL DESCRIPTION
Extent 409 páginas :
Other physical details ilustraciones, tablas, gráficos ;
Dimensions 24 cm.
490 ## - SERIES STATEMENT
Series statement Textos Universitarios
505 0# - FORMATTED CONTENTS NOTE
Formatted contents note Las carreteras -- Rutas y líneas de pendiente -- Diseño geométrico horizontal: planta -- Diseño geométrico vertical: rasante -- Diseño geométrico transversal: secciones, áreas y volúmenes
520 3# - SUMMARY, ETC.
Summary, etc. Describe conceptos básicos, suficiente en la exposición de elementos teóricos fundamentales precisando en los criterios técnicos y científicos utilizados de modo didáctico
650 10 - SUBJECT ADDED ENTRY--TOPICAL TERM
Topical term or geographic name entry element Carreteras
9 (RLIN) 323
650 20 - SUBJECT ADDED ENTRY--TOPICAL TERM
Topical term or geographic name entry element Diseño geométrico de carreteras
9 (RLIN) 306
650 20 - SUBJECT ADDED ENTRY--TOPICAL TERM
Topical term or geographic name entry element Ingeniería de carreteras
9 (RLIN) 307
942 ## - ADDED ENTRY ELEMENTS (KOHA)
Koha item type Libros
Source of classification or shelving scheme Dewey Decimal Classification
Existencias
Fecha de la última vez que lo usaron Pago total Signatura topográfica completa Código de barras Precio efectivo desde Tipo de documento Estado perdido Sistema de clasificación Estado dañado No es para préstamo Retirado Ubicación permanente Ubicación actual Fecha de adquisición
09/03/2026   625.725/C26D BibLima26032619 09/03/2026 Libros   Dewey Decimal Classification       Biblioteca Central Lima Biblioteca Central Lima 09/03/2026
09/03/2026   625.725/C26D BibZtruj26032620 09/03/2026 Libros   Dewey Decimal Classification       Biblioteca Trujillo Biblioteca Trujillo 09/03/2026